Fresh thinking on town uses : draft lays down challenges (Record no. 74059)
[ view plain ]
| 000 -LEADER | |
|---|---|
| fixed length control field | 01959cab a2200289 4500 |
| 001 - CONTROL NUMBER | |
| control field | ABS67442 |
| 008 - FIXED-LENGTH DATA ELEMENTS--GENERAL INFORMATION | |
| fixed length control field | 040116n2004 000 0 eng u |
| 035 ## - SYSTEM CONTROL NUMBER | |
| System control number | (Sirsi) u124859 |
| 100 ## - MAIN ENTRY--PERSONAL NAME | |
| Personal name | Niven, R. |
| 245 ## - TITLE STATEMENT | |
| Title | Fresh thinking on town uses : draft lays down challenges |
| 260 ## - PUBLICATION, DISTRIBUTION, ETC. | |
| Date of publication, distribution, etc. | 2004 |
| 490 ## - SERIES STATEMENT | |
| Series statement | Planning (for the Natural and Built Environment) |
| Volume/sequential designation | 9 January 2004, 15-16(2) |
| 520 ## - SUMMARY, ETC. | |
| Summary, etc. | Evaluates the content of the draft "Planning Policy Statement 6 : planning for town centres" (PPS6) which outlines government commitment to promoting town centre growth. Outlines differences between the existing PPG6 and the draft PPS6. Key proposals in the draft PPS6 include: a pro-active role for planners in promoting town centre growth and regeneration in a sustainable manner; for regional and local authorities to plan growth distribution to avoid over-concentration by larger centres;and the promotion of smaller centres where there are gaps in service provision. Regional spatial strategies will play an important role in helping to identify where growth is going to occur. The relaxation of the sequential test on extension to large stores is also proposed. It is suggested that the proposals outlined in draft PPS6 would increase planning workload. The consultation period closes on 15 March 2004.The draft PPS6 may be viewed at www.odpm.gov.uk. |
| 590 ## - LOCAL NOTE (RLIN) | |
| Local note | ABS |
| 650 ## - SUBJECT ADDED ENTRY--TOPICAL TERM | |
| Topical term or geographic name entry element | PLANNING POLICY GUIDANCE NOTE SIX |
| 650 ## - SUBJECT ADDED ENTRY--TOPICAL TERM | |
| Topical term or geographic name entry element | PLANNING POLICY STATEMENT 6 |
| 650 ## - SUBJECT ADDED ENTRY--TOPICAL TERM | |
| Topical term or geographic name entry element | TOWN CENTRES |
| 650 ## - SUBJECT ADDED ENTRY--TOPICAL TERM | |
| Topical term or geographic name entry element | RETAIL DEVELOPMENT |
| 650 ## - SUBJECT ADDED ENTRY--TOPICAL TERM | |
| Topical term or geographic name entry element | OUT-OF-TOWN SHOPPING CENTRES |
| 650 ## - SUBJECT ADDED ENTRY--TOPICAL TERM | |
| Topical term or geographic name entry element | SPATIAL DEVELOPMENT |
| 650 ## - SUBJECT ADDED ENTRY--TOPICAL TERM | |
| Topical term or geographic name entry element | GROWTH |
| 650 ## - SUBJECT ADDED ENTRY--TOPICAL TERM | |
| Topical term or geographic name entry element | SUSTAINABLE DEVELOPMENT |
| 690 ## - LOCAL SUBJECT ADDED ENTRY--TOPICAL TERM (OCLC, RLIN) | |
| Topical term or geographic name as entry element | ENVIRONMENTAL AND LAND CONSULTANCY-PLANNING AND DEVELOPMENT |
| 700 ## - ADDED ENTRY--PERSONAL NAME | |
| Personal name | Stock, G. |
| 856 ## - ELECTRONIC LOCATION AND ACCESS | |
| Uniform Resource Identifier | <a href="https://www.odpm.gov.uk/stellent/groups/odpm_planning/documents/page/odpm_plan_026232.hcsp">https://www.odpm.gov.uk/stellent/groups/odpm_planning/documents/page/odpm_plan_026232.hcsp</a> |
| Public note | View the draft planning policy statement on the ODPM website... |
| 942 ## - ADDED ENTRY ELEMENTS (KOHA) | |
| Suppress in OPAC | 0 |
| Withdrawn status | Lost status | Source of classification or shelving scheme | Damaged status | Not for loan | Home library | Current library | Shelving location | Date acquired | Total Checkouts | Full call number | Barcode | Date last seen | Copy number | Price effective from | Koha item type |
|---|---|---|---|---|---|---|---|---|---|---|---|---|---|---|---|
| Dewey Decimal Classification | London | London | Journal article | 16/01/2004 | ABS67442 | 124859-1001 | 06/08/2019 | 1 | 06/08/2019 | Journal article |